New Cambridge elementary statistical tables

Bibliographic Details
Main Author: Lindley, D. V.
Other Authors: Scott, W. F.
Format: Book
Language:English
Published: Cambridge : Cambridge University Press , 1984
Subjects:

MARC

LEADER 00000cam a2200000 7i4500
001 0000002707
005 20230601.0
008 991211 enk eng
020 |a 0521269229 (pbk) 
040 |a INS 
090 0 0 |a QA276.25   |b .L56 1984 
100 1 |a Lindley, D. V. 
245 1 0 |a New Cambridge elementary statistical tables   |c D. V. Lindley and W. F. Scott 
260 |a Cambridge :   |b Cambridge University Press ,   |c 1984 
300 |a 80 p. :   |b ill. ;   |c 28 cm. 
650 0 |a Mathematical statistics   |v Tables 
700 1 |a Scott, W. F. 
999 |a 0000003687   |b BOOK   |c Open Shelf   |e Default branch 
999 |a 0000003688   |b BOOK   |c Open Shelf   |e Default branch